Innovation, networks, and knowledge spillovers : (E-BOOK) (Record no. 212475)

000 -LEADER
fixed length control field 00691 a2200229 4500
003 - CONTROL NUMBER IDENTIFIER
control field Nust
005 - DATE AND TIME OF LATEST TRANSACTION
control field 20170207165541.0
010 ## - LIBRARY OF CONGRESS CONTROL NUMBER
LC control number 2006929605
020 ## - INTERNATIONAL STANDARD BOOK NUMBER
International Standard Book Number 3-540-35980-X (inb.)
040 ## - CATALOGING SOURCE
Transcribing agency Nust
082 04 - DEWEY DECIMAL CLASSIFICATION NUMBER
Classification number 338
100 1# - MAIN ENTRY--PERSONAL NAME
Personal name Fischer, Manfred M.,
245 10 - TITLE STATEMENT
Title Innovation, networks, and knowledge spillovers : (E-BOOK)
Remainder of title selected essays /
Statement of responsibility, etc. Manfred M. Fischer
260 ## - PUBLICATION, DISTRIBUTION, ETC.
Place of publication, distribution, etc. Berlin :
Name of publisher, distributor, etc. Springer,
Date of publication, distribution, etc. cop. 2006
300 ## - PHYSICAL DESCRIPTION
Extent viii, 272 s. :
Other physical details diagr., tab. ;
Dimensions 24 cm.
650 #0 - SUBJECT ADDED ENTRY--TOPICAL TERM
Topical term or geographic name entry element Business networks.
650 #0 - SUBJECT ADDED ENTRY--TOPICAL TERM
Topical term or geographic name entry element Creative ability in business.
650 #0 - SUBJECT ADDED ENTRY--TOPICAL TERM
Topical term or geographic name entry element Knowledge management.
650 #0 - SUBJECT ADDED ENTRY--TOPICAL TERM
Topical term or geographic name entry element Research, Industrial.
650 #0 - SUBJECT ADDED ENTRY--TOPICAL TERM
Topical term or geographic name entry element Technological innovations
General subdivision Management.
651 ## - SUBJECT ADDED ENTRY--GEOGRAPHIC NAME
Geographic name E-Book
942 ## - ADDED ENTRY ELEMENTS (KOHA)
Source of classification or shelving scheme
Koha item type Book
Holdings
Withdrawn status Lost status Source of classification or shelving scheme Damaged status Not for loan Collection code Permanent Location Current Location Date acquired Total Checkouts Full call number Barcode Date last seen Price effective from Koha item type
            Military College of Signals (MCS) Military College of Signals (MCS) 12/12/2016   338 MAN MCSEB-1877 12/08/2016 12/12/2016 Book
© 2023 Central Library, National University of Sciences and Technology. All Rights Reserved.